Fundamentos de ecología: / David B. Sutton; coautor M. Paul Harmon; traductor J. Gabriel Velsco F. (Record no. 216842)
[ view plain ]
| 000 -CABECERA | |
|---|---|
| campo de control de longitud fija | 01176nam a2200265Ia 4500 |
| 001 - NÚMERO DE CONTROL | |
| campo de control | Z_927 |
| 008 - DATOS DE LONGITUD FIJA--INFORMACIÓN GENERAL | |
| campo de control de longitud fija | 220601s9999 xx 000 0 und d |
| 020 ## - NÚMERO INTERNACIONAL ESTÁNDAR DEL LIBRO | |
| Número Internacional Estándar del Libro | 968-18-0134-2 |
| 082 ## - NÚMERO DE LA CLASIFICACIÓN DECIMAL DEWEY | |
| Número de clasificación | 574.5 S88 |
| 100 ## - ENTRADA PRINCIPAL--NOMBRE DE PERSONA | |
| Nombre de persona | Sutton, David B. |
| 9 (RLIN) | 110807 |
| 245 ## - MENCIÓN DE TÍTULO | |
| Título | Fundamentos de ecología: / David B. Sutton; coautor M. Paul Harmon; traductor J. Gabriel Velsco F. |
| 260 ## - PUBLICACIÓN, DISTRIBUCIÓN, ETC. | |
| Lugar de publicación, distribución, etc. | México : Limusa |
| 300 ## - DESCRIPCIÓN FÍSICA | |
| Extensión | 293 p. |
| 440 ## - MENCIÓN DE SERIE/PUNTO DE ACCESO ADICIONAL--TÍTULO | |
| Título | Instrucción programada LIMUSA |
| 9 (RLIN) | 177718 |
| 500 ## - NOTA GENERAL | |
| Nota general | Traducida de la obra en inglés: Ecology: selected conceptsLa biblioteca cuenta con: 1 ejemplar de la 3a reimpresión, 2 ejemplares de la 5a reimpresión, 1 ejemplar de la 6a reimpresión y 1 ejemplar de la 11a reimpresión de l990 |
| 503 ## - NOTA DE HISTORIA BIBLIOGRÁFICA (BK CF MU) [OBSOLETO] | |
| Nota de historia bibliográfica | ej.1: s/n \ ej.2: C/E \ ej.3: s/n \ ej.4: donación (Javier Ocádiz) \ ej.5: Reposición (por el título: Biología celular. Avers) |
| 504 ## - NOTA DE BIBLIOGRAFÍA, ETC. | |
| Nota de bibliografía, etc. | Incluye bibliografía y glosario |
| 650 ## - PUNTO DE ACCESO ADICIONAL DE MATERIA--TÉRMINO DE MATERIA | |
| Término de materia o nombre geográfico como elemento de entrada | 1. Ecología |
| 9 (RLIN) | 150504 |
| 700 ## - PUNTO DE ACCESO ADICIONAL--NOMBRE DE PERSONA | |
| Nombre de persona | I. Harmon, M. Paul, coautor II. Velsco F., J. Gabriel, tr.Ì |
| 9 (RLIN) | 177719 |
| 901 ## - ELEMENTOS DE DATOS A LOCAL LDA (RLIN) | |
| a | 574.5 S88 |
| 902 ## - ELEMENTOS DE DATOS B LOCAL, LDB (RLIN) | |
| a | M |
| 905 ## - ELEMENTOS DE DATOS E LOCAL, LDE (RLIN) | |
| a | 5232231980 mx amn 8222223321spa16 |
| 942 ## - ELEMENTOS DE PUNTO DE ACCESO ADICIONAL (KOHA) | |
| Tipo de ítem Koha | Libro_ |
| Estado de retiro | Estado de pérdida | Fuente del sistema de clasificación o colocación | Estado dañado | No para préstamo | Código de colección | Localización permanente | Ubicación/localización actual | Ubicación en estantería | Fecha de adquisición | Total de préstamos | Código de barras | Fecha visto por última vez | Fecha del último préstamo | Número de copia | Precio válido a partir de | Tipo de ítem Koha |
|---|---|---|---|---|---|---|---|---|---|---|---|---|---|---|---|---|
| Dewey Decimal Classification | General | Zootecnia | Zootecnia | 18/02/2016 | 1 | z_6567 | 07/02/2024 | 07/02/2024 | 5 | 02/06/2022 | Libro | |||||
| Dewey Decimal Classification | General | Zootecnia | Zootecnia | 09/11/2005 | z_0789 | 02/06/2022 | 3 | 02/06/2022 | Libro | |||||||
| Dewey Decimal Classification | General | Zootecnia | Zootecnia | 09/11/2005 | z_0790 | 02/06/2022 | 2 | 02/06/2022 | Libro | |||||||
| Dewey Decimal Classification | General | Zootecnia | Zootecnia | 09/11/2005 | 1 | z_0791 | 27/06/2023 | 27/06/2023 | 1 | 02/06/2022 | Libro | |||||
| Dewey Decimal Classification | General | Zootecnia | Zootecnia | 28/11/2011 | z_2356 | 02/06/2022 | 4 | 02/06/2022 | Libro |
